000 00336nam a22001337a 4500
999 _c54988
_d54988
008 200204b ||||| |||| 00| 0 eng d
041 _aeng
080 _2043.3
_a043.3
082 _2043.3
100 _a0
101 _aBTH
245 _aImplementimi i Sistemeve Solare në Institucione Rasti i Studimit UBT
_cSyla,F
942 _2udc
_cBK